000 01285cam a22003254a 4500
999 _c478358
_d478358
001 12308767
003 NUST
005 20180523051044.0
008 010213s2001 nyua b 001 0 eng
010 _a 2001020451
020 _a0387952748 (alk. paper)
038 _aSNS Library
040 _aDLC
_cDLC
_dDLC
042 _apcc
050 0 0 _aQC446.2
_b.M46 2001
082 0 0 _a535.15
_221
100 1 _aMeystre, Pierre.
_910460
245 1 0 _aAtom optics
_cPierre Meystre.
260 _aNew York :
_bAIP Press/Springer,
_cc2001.
300 _axvi, 311 p. :
_bill. ;
_c24 cm.
440 0 _aSpringer series on atomic, optical, and plasma physics ;
_v33
_910461
504 _aIncludes bibliographical references (p. [269]-302) and index.
650 0 _aQuantum optics.
_910312
650 0 _aAtoms.
_910462
856 4 2 _3Publisher description
_uhttp://www.loc.gov/catdir/enhancements/fy0816/2001020451-d.html
856 4 1 _3Table of contents only
_uhttp://www.loc.gov/catdir/enhancements/fy0816/2001020451-t.html
906 _a7
_bcbc
_corignew
_d1
_eocip
_f20
_gy-gencatlg
942 _2ddc
_cBK